UCM

Cognitive Processes And Emotional Disorders (Record no. 3048)

MARC details
000 -LEADER
fixed length control field 00508nam a2200181u 4500
008 - FIXED-LENGTH DATA ELEMENTS--GENERAL INFORMATION
fixed length control field 080612|||||||||||||||||||||||||||||eng|u
020 ## - INTERNATIONAL STANDARD BOOK NUMBER
International Standard Book Number 0898620066
100 1# - MAIN ENTRY--PERSONAL NAME
Personal name Guidano, V. F.
245 10 - TITLE STATEMENT
Title Cognitive Processes And Emotional Disorders
Remainder of title A Structural Approach to Psychotherapy
Statement of responsibility, etc V.F.Guidano and G.Liotti
250 ## - EDITION STATEMENT
Edition statement 2nd. ed.
260 ## - PUBLICATION, DISTRIBUTION, ETC. (IMPRINT)
Place of publication, distribution, etc New York London
Name of publisher, distributor, etc The Guilford Press
Date of publication, distribution, etc 1983
300 ## - PHYSICAL DESCRIPTION
Extent 347
650 #4 - SUBJECT ADDED ENTRY--TOPICAL TERM
Topical term or geographic name as entry element Psicologia
700 1# - ADDED ENTRY--PERSONAL NAME
Personal name Liotti. G
961 wl -
-- 7
Holdings
Withdrawn status Lost status Damaged status Not for loan Home library Current library Date acquired Total Checkouts Full call number Barcode Date last seen Price effective from Koha item type
        Beira - Ciências da Saúde Beira - Ciências da Saúde 31/12/2011   159 7454 31/12/2011 31/12/2011 Books

Universidade Católica de Moçambique - Rua Marquês de Soveral, 960, Palmeiras II, Beira, Moçambique

Tel (Central): (+258) 23 313 077 - Fax: (+258) 23 311 520 - Email: reitoria@ucm.ac.mz - Web: www.ucm.ac.mz